000 00313nam a22001457a 4500
008 221114b ||||| |||| 00| 0 eng d
020 _a9780195131994
041 _aeng
080 _a32
082 _a32MAC
100 _a21.1
101 _aSHKP
245 _aCELIBERATIVE POLITICS
_cMACEDO S
942 _2udc
_cBK
999 _c58885
_d58885